MARC

LEADER 00000nam0a2200000 4500
001 9534
005 20231101204648.0
010 |a 5860040563 
035 |a (RuTPU)RU\TPU\book\9588 
035 |a BOOK00009650 
090 |a 9534 
100 |a 20011209d1996 km y0rusy50 ca 
101 0 |a rus 
102 |a RU 
105 |a y z 000zy 
200 1 |a О смысле жизни и смерти  |f Н. Н. Трубников 
210 |a Москва  |c РОССПЭН  |d 1996 
215 |a 383 с. 
225 1 |a Философы России ХХ века 
606 1 |a Русская философия  |x история  |z 20 в.  |2 stltpush  |3 (RuTPU)RU\TPU\subj\67507  |9 83282 
610 1 |a философия 
610 1 |a 20 век 
610 1 |a жизнь 
610 1 |a смерть 
610 1 |a смысл жизни 
686 |a Ю3(2)6  |v LBC/SL-A  |2 rubbk 
686 |a Ю612.3  |v LBC/SL-A  |2 rubbk 
700 1 |a Трубников  |b Н. Н.  |c российский философ  |f 1929-1983  |g Николай Николаевич  |2 stltpush  |3 (RuTPU)RU\TPU\pers\11418  |9 2614 
801 0 |a RU  |b 63413507  |c 20011209  |g PSBO 
801 2 |a RU  |b 63413507  |c 20141110  |g PSBO 
942 |c BK